The Youth of the world : From the world youth survey report

Enregistré dans:
Détails bibliographiques
Format: Livre
Langue:Undetermined
Publié: Tokyo Prime Minister's Office 1972
Sujets:
Tags: Ajouter un tag
Pas de tags, Soyez le premier à ajouter un tag!
Thư viện lưu trữ: Trung tâm Học liệu Trường Đại học Cần Thơ
LEADER 00530nam a2200193Ia 4500
001 CTU_88297
008 210402s9999 xx 000 0 und d
082 |a 301.43 
082 |b Y67 
245 4 |a The Youth of the world : 
245 0 |b From the world youth survey report 
245 0 |c Survey conducted by Youth Bureau 
260 |a Tokyo 
260 |b Prime Minister's Office 
260 |c 1972 
650 |a Youth 
650 |x Attitudes 
904 |i Nguyên,Hải 
980 |a Trung tâm Học liệu Trường Đại học Cần Thơ